<?xml version="1.0" encoding="UTF-8"?>
<record
    xmlns:xsi="http://www.w3.org/2001/XMLSchema-instance"
    xsi:schemaLocation="http://www.loc.gov/MARC21/slim http://www.loc.gov/standards/marcxml/schema/MARC21slim.xsd"
    xmlns="http://www.loc.gov/MARC21/slim">

  <leader>00444nam a2200157   4500</leader>
  <controlfield tag="001">5384</controlfield>
  <controlfield tag="005">20181127175425.0</controlfield>
  <datafield tag="020" ind1="0" ind2="0">
    <subfield code="a">9789993678120</subfield>
  </datafield>
  <datafield tag="090" ind1="0" ind2="0">
    <subfield code="a">895.1 T313k 2012</subfield>
  </datafield>
  <datafield tag="100" ind1="0" ind2="0">
    <subfield code="a">Tenzin, Kuenga.</subfield>
  </datafield>
  <datafield tag="245" ind1="0" ind2="0">
    <subfield code="a">Kuenden, the valiant son :</subfield>
    <subfield code="b">a tale from central Bhutan /</subfield>
    <subfield code="c">Kuenga Tenzin.</subfield>
    <subfield code="h"></subfield>
  </datafield>
  <datafield tag="260" ind1="0" ind2="0">
    <subfield code="a">Thimphu :</subfield>
    <subfield code="b">DSB enterprises Pvt. Limited,</subfield>
    <subfield code="c">2012.</subfield>
  </datafield>
  <datafield tag="300" ind1="0" ind2="0">
    <subfield code="a">95 p. ; 25 cm.</subfield>
  </datafield>
  <datafield tag="500" ind1="0" ind2="0">
    <subfield code="a">In English.</subfield>
  </datafield>
  <datafield tag="650" ind1="0" ind2="0">
    <subfield code="a">Bhutan --fiction.</subfield>
    <subfield code="x"></subfield>
  </datafield>
  <datafield tag="999" ind1=" " ind2=" ">
    <subfield code="c">4520</subfield>
    <subfield code="d">4520</subfield>
  </datafield>
  <datafield tag="952" ind1=" " ind2=" ">
    <subfield code="0">0</subfield>
    <subfield code="1">0</subfield>
    <subfield code="2">ddc</subfield>
    <subfield code="4">0</subfield>
    <subfield code="7">0</subfield>
    <subfield code="8">MAIN</subfield>
    <subfield code="a">RTCLIB</subfield>
    <subfield code="b">RTCLIB</subfield>
    <subfield code="c">MAIN</subfield>
    <subfield code="h"> </subfield>
    <subfield code="i">8711</subfield>
    <subfield code="l">2</subfield>
    <subfield code="o">895.1 TEN</subfield>
    <subfield code="p">30008700</subfield>
    <subfield code="r">2019-04-03 00:00:00</subfield>
    <subfield code="s">2019-03-26</subfield>
    <subfield code="w">2018-11-27</subfield>
    <subfield code="y">MAIN</subfield>
  </datafield>
</record>
